000 00374nam a2200145 i 4500
001 bg
245 0 _aAktivnyj kontrol razmerov detalej s preryvistymi poverchnostjami /
_cA. V. Vysockij [et al.].
260 _aMoskva,
_c1969.
700 1 _aVysockij, A. V.
040 _cBPK
041 _apol
080 _a681.2
942 _cKS
008 s pl f |000 0 pol
999 _c8896
_d8896
856 _uhttp://koha.tu.koszalin.pl/cgi-bin/koha/opac-detail.pl?biblionumber=8896
_yKatalog online BPK